Donne e ministeri nella Chiesa sinodale. (Record n. 360623)

Dettagli MARC
000 -LEADER
campo di controllo lung. fissa 01309nam a22002177a 4500
003 - Identificatore del numero di controllo
campo di controllo IT-MiCISF
005 - Data e orario dell'ultima transazione
campo di controllo 20250917110923.0
008 - Elementi di lunghezza fissa--Informazione generale
campo di controllo lung. fissa 250917b |||||||| |||| 00| 0 eng d
020 ## - ISBN (International Standard Book Number)
ISBN (International Standard Book Number) 978883155742
040 ## - Fonte della catalogazione
Agenzia che fa la trascrizione IT-MiCISF
100 ## - Accesso principale -- nome di persona
Nome di persona Wells Jo B. (et al.)
9 (RLIN) 62609
245 ## - Formulazione del titolo
Titolo Donne e ministeri nella Chiesa sinodale.
Complemento del titolo Un dialogo aperto
260 ## - Pubblicazione, distribuzione, ecc. (stampa)
Luogo di pubblicazione, distribuzione, ecc. Milano,
Nome dell'editore, distributore, ecc. Paoline,
Data di pubblicazione, distribuzione, ecc. 2024
300 ## - Descrizione fisica
Estensione pp. 100
500 ## - Nota generale
Nota generale donna, chiesa, cambiamento, teologia, storia
520 ## - Riassunto, ecc.
Nota di riassunto, ecc. Il volume è il frutto del secondo dei quattro incontri che il Consiglio di cardinali, per volere di papa Francesco, dedica tra la fine del 2023 e la primavera 2024 al ruolo delle donne nella Chiesa. Nella seduta del 5 febbraio 2024, a riflettere su donne, ministero ordinato e altri ministeri nella Chiesa sono intervenute tre teologhe: Linda Pocher FMA, la vescova anglicana Jo B. Wells e Giuliva Di Berardino. Ai loro contributi, che illustrano lo stato della questione e delineano alcune possibili prospettive future, si affiancano le considerazioni di due dei cardinali presenti all’incontro: Seán Patrick O’Malley e Jean-Claude Hollerich. Prefazione di papa Francesco.
650 ## - Accesso aggiunto di soggetto--termine topico
Termine topico o nome geografico come accesso Donna
654 ## - Accesso aggiunto di soggetto--termini topici faccettati
Termine principale saggio
700 ## - Accesso aggiunto--nome di persona
Nome di persona Di Berardino G., Hollerich J.C., O'Malley S.P., Pocher L.
9 (RLIN) 62610
942 ## - Dati aggiuntivi (Koha)
Fonte della classificazione o dello schema di collocazione (segnatura) Dewey Decimal Classification
Tipo copia default (Koha) LIBRO
Dati di copia
Ritirato (status) Perso (status) Fonte della classificazione o dello schema di collocazione (segnatura) Danneggiato (status) Non per il presito Biblioteca proprietaria Biblioteca in cui si trova Data d'acquisizione Totale prestiti Collocazione Codice a barre Data ultima operazione Prezzo in vigore dal Tipo copia default (Koha)
    Dewey Decimal Classification Buone Condizioni Not For Loan CISF - Milano CISF - Milano 17/09/2025   A2497 978883155742x 17/09/2025 17/09/2025 LIBRO
CREDITS: SOCIETA' SAN PAOLO Via A.Severo, 58 - ROMA (RM) & PERIODICI SAN PAOLO SRL Via Giotto, 36 MILANO & CISF Via Giotto, 36 MILANO & EDIZIONI SAN PAOLO SRL,  Piazza Soncino, 5 CINISELLO BALSAMO (MI) -- ITALY